000
00330nam a2200145Ia 4500
008
150301s2013 xx 000 0 und d
082
_a
611
_b
N13G
100
_a
GARG, KRISHNA
245
_a
TB. OF NEUROANATOMY
250
_a
5TH
260
_b
CBS PUB.
_a
DELHI
_c
2013
300
_a
321
650
_a
HUMAN ANATOMY
942
_2
ddc
_c
BK
999
_c
6745
_d
6745